• 首页
  • 本馆介绍
  • 公告通知
  • 最新文献
  • 馆藏检索
  • 电子资源
  • 读者导购
  • 参考咨询
  • 我的图书馆
  • 登录
  • 详细信息显示
  • 放入我的书架
  • 预约/预借图书
  • 作者相关作品
  • 分类相关作品
  • 丛书相关作品
  • 出版社相关作品

书目信息

  • 表格格式
  • 工作单格式
  • 卡片格式
题名:
连续群
    
 
作者: ;曹锡华 译
分册: 上册  
出版信息: 北京   科学出版社  1957
页数: 321页
开本: 20cm
丛书名:
单 册:
中图分类: O152.4
科图分类:
主题词: 代数 , 数论 , 组合数学
电子资源:
ISBN:
000 00515nam0 2200205 450
001 0732828906
005 20070903090708.90
010    @d¥1.30
100    @a20070903d km y0chiy0120 ea
101 0  @achi
200 1  @a连续群@Alian xu qun@h上册@g曹锡华译@Gcao xi hua yi
210    @a北京@c科学出版社@d1957
215    @a321页@d20cm
606 0  @a代数
606 0  @a数论
606 0  @a组合数学
690    @aO152.4@v3
702  0 @a曹锡华@Acao xi hua@4译
801  0 @aCN@bPFT@c20070903
905    @a213230@dO152.4@eS4:1@f1
    
    连续群.上册/曹锡华译.-北京:科学出版社,1957
    321页;20cm
    
    
    ISBN :¥1.30
    
●
相关链接 在E读中查询图书 在五车中查询图书 在当当中查询图书 在豆瓣中查询图书


正题名:连续群     索取号:O152.4/S4:1         预约/预借

序号 登录号 条形码 馆藏地/架位号 状态 备注
1 6701263   267012635   密集书库-数信学院/ [索取号:O152.4/S4:1] 在馆    
2 6701264   267012644   密集书库-数信学院/ [索取号:O152.4/S4:1] 在馆    
3 6701265   267012653   密集书库-数信学院/ [索取号:O152.4/S4:1] 在馆    
4 6701266   267012662   密集书库-数信学院/ [索取号:O152.4/S4:1] 在馆    
5 6701267   267012671   数信系资料室/ [索取号:O152.4/S4:1] 在馆    
6 6701268   267012680   密集书库-数信学院/ [索取号:O152.4/S4:1] 在馆    
唐山师范学院图书馆 欢迎您!
大连网信软件有限公司© 版权所有